00306nam a2200109Ia 4500008004100000020001300041100002800054245003900082250001100121260004500132300001900177180205s9999 xx 000 0 und d a71237321 aDenniston, Katherine J. aGeneral organic and biochemistry / a4th ed aUSAbMc Graw-Hill higher educationc2004 avii, 880 pages